000 01344nam a22003137a 4500
003 DO-SdBNP
005 20180307110746.0
008 160505b 2014 dr a | 00| 0 spa d
020 _a9789945119121 (libro)
020 _a9789945190342 (1er. trimestre)
020 _a9789945190359 (2do. trimestre)
020 _a9789945190366 (3er. trimestre)
040 _aBPMSU
_bspa
_cBPMSU
082 4 _axxx
_bxxx
100 1 _aSosa, Olga
245 1 0 _aEntre amigos 3 :
_beducación inicial, versión cursiva /
_cOlga Sosa ; dirección editorial Claudia Llibre ; ilustración Ruddy Núñez...[et al].
_pVersión cursiva
260 _aSanto Domingo :
_bSantillana,
_c2014.
300 _a186 p. :
_bil. ;
_c21 cm.
_e+ CD-ROOM, 3 libros de grafomotricidad
490 0 _aProyecto todos juntos
_v3 años
500 _aIncluye guía didáctica y recursos didácticos para el profesorado.
500 _aIncluye libros de grafomotricidad, aprendo matemáticas y lectoescritura.
500 _aEste libro ha sido realizado de conformidad con el currículum vigente y ha sido sometido a la aprobación de la MINERD.
700 1 2 _aNúñez, Ruddy,
_eil.
700 1 2 _aLlibre, Claudia,
_edir. ed.
830 0 _aProyecto todos juntos
_p3 años
942 _2ddc
_cBK
945 _aInventariado, 2018/ YL
956 _aYLOCKWARD
_b10
_cBPMSU
999 _c13346
_d13346